[Event "1. Wittelsbacher Weihnachts-Schach-Open"]
[Site "Kelheim"]
[Date "2012.12.29"]
[Round "7.6"]
[White "Fuhrmann, Max"]
[Black "Eibl, Maximilian"]
[Result "1-0"]
[WhiteElo "2155"]
[BlackElo "2137"]
[PlyCount "105"]
[EventDate "2012.??.??"]
[WhiteTeam "SK Kelheim 1920"]
[BlackTeam "SK Kelheim 1920"]

1. e4 c5 2. Nf3 e6 3. d4 cxd4 4. Nxd4 a6 5. Nc3 Qc7 6. f4 b5 7. Be2 Bb7 8. Bf3
d6 9. O-O Nd7 10. Kh1 Ngf6 11. Qe2 Rc8 12. a4 b4 13. Na2 e5 14. Nf5 Qxc2 15.
Qxc2 Rxc2 16. Ne3 Rc8 17. Nxb4 Nxe4 18. Nbd5 Bxd5 19. Nxd5 Nec5 20. b4 Nb3 21.
Rb1 Nd4 22. Be4 Be7 23. Be3 Bd8 24. Bxd4 exd4 25. Bf5 Bf6 26. Rfe1+ Kd8 27.
Bxd7 Kxd7 28. Nb6+ Kc7 29. Nxc8 Rxc8 30. Rec1+ Kb7 31. Rxc8 Kxc8 32. Kg1 Kb7
33. Kf2 Kb6 34. Ke2 g5 35. g3 gxf4 36. gxf4 Bh4 37. Rb3 Kc6 38. Rh3 d3+ 39.
Kxd3 Be1 40. Kc4 Bd2 41. b5+ axb5+ 42. axb5+ Kb6 43. f5 h6 44. Rb3 Bf4 45. h3
Bd2 46. Kd5 Bf4 47. Rb4 Be3 48. Re4 Bg5 49. Kxd6 Kxb5 50. Re7 f6 51. Ke6 Kc5
52. Rf7 Kd4 53. Rxf6 1-0

[Event "1. Wittelsbacher Weihnachts-Schach-Open"]
[Site "Kelheim"]
[Date "2012.12.29"]
[Round "7.7"]
[White "Kreuzer, Helmut"]
[Black "Maurer, Heinrich"]
[Result "0-1"]
[WhiteElo "2132"]
[BlackElo "2131"]
[PlyCount "82"]
[EventDate "2012.??.??"]
[WhiteTeam "SK Kelheim 1920"]
[BlackTeam "SK Kelheim 1920"]

1. d4 Nf6 2. c4 g6 3. g3 Bg7 4. Bg2 O-O 5. Nc3 d6 6. Nf3 Nc6 7. O-O a6 8. Qd3
e5 9. d5 Ne7 10. c5 Nd7 11. cxd6 cxd6 12. e4 b5 13. b4 a5 14. Rb1 a4 15. Be3
Ba6 16. Rfc1 Nf6 17. Ne1 Ng4 18. Bd2 f5 19. Nc2 Nxf2 20. Qe2 Nxe4 21. Nxe4 fxe4
22. Bxe4 Qd7 23. Kg2 Bb7 24. Qd3 Rac8 25. Ne3 Bh6 26. h3 Rxc1 27. Rxc1 Bg7 28.
g4 Bh6 29. Bf3 Bf4 30. h4 Rc8 31. Rxc8+ Bxc8 32. Be2 Ba6 33. h5 Kg7 34. a3 Qb7
35. Bf3 Qb6 36. Kf2 Bc8 37. Be2 Bd7 38. Kg2 Qd8 39. Nd1 Qf8 40. Nc3 gxh5 41.
gxh5 Bf5 0-1

[Event "1. Wittelsbacher Weihnachts-Schach-Open"]
[Site "Kelheim"]
[Date "2012.12.29"]
[Round "7.8"]
[White "Stöckl, Stephan"]
[Black "Schindler, Gernot"]
[Result "1/2-1/2"]
[WhiteElo "2126"]
[BlackElo "2023"]
[PlyCount "20"]
[EventDate "2012.??.??"]
[WhiteTeam "SK Schwandorf"]
[BlackTeam "SK Kelheim 1920"]

1. Nf3 f5 2. e4 fxe4 3. Ng5 Nf6 4. d3 e3 5. Bxe3 d5 6. d4 Qd6 7. c3 e5 8. dxe5
Qxe5 9. Be2 Bd6 10. Nd2 Nc6 1/2-1/2

[Event "1. Wittelsbacher Weihnachts-Schach-Open"]
[Site "Kelheim"]
[Date "2012.12.29"]
[Round "7.9"]
[White "Zhou, Wile"]
[Black "Kümpers, Ulrich"]
[Result "1-0"]
[WhiteElo "1947"]
[BlackElo "2066"]
[PlyCount "69"]
[EventDate "2012.??.??"]
[WhiteTeam "SK Kelheim 1920"]
[BlackTeam "SC Tarrasch 45 München"]

1. e4 c6 2. d4 d5 3. Nc3 dxe4 4. Nxe4 Nd7 5. Nf3 Ngf6 6. Ng3 e6 7. Bd3 Bd6 8.
c3 O-O 9. Bg5 h6 10. Bd2 c5 11. Qe2 Qc7 12. Ne4 cxd4 13. Nxd4 Bf4 14. O-O-O a6
15. f3 b5 16. Kb1 Bb7 17. g4 Rfd8 18. g5 Nxe4 19. Bxe4 Bxe4+ 20. Qxe4 hxg5 21.
h4 Nf6 22. Qe2 gxh4 23. Nxe6 fxe6 24. Qxe6+ Kh8 25. Rxh4+ Nh7 26. Rdh1 Bh6 27.
Bxh6 gxh6 28. Rxh6 Rd7 29. Qf6+ Kg8 30. Qg6+ Kh8 31. f4 Rf8 32. f5 a5 33. Qe6
Qd8 34. Qe5+ Kg8 35. Rg6+ 1-0

[Event "1. Wittelsbacher Weihnachts-Schach-Open"]
[Site "Kelheim"]
[Date "2012.12.29"]
[Round "7.10"]
[White "Vilsmeier, Christian"]
[Black "Weber, Daniel"]
[Result "0-1"]
[WhiteElo "1755"]
[BlackElo "1866"]
[PlyCount "80"]
[EventDate "2012.??.??"]
[WhiteTeam "DJK-Regensburg Nord e.V."]
[BlackTeam "SC Bechhofen 1923 e.V."]

1. e4 e6 2. d4 d5 3. Nc3 Nf6 4. Bg5 Bb4 5. e5 h6 6. exf6 hxg5 7. fxg7 Rg8 8. h4
gxh4 9. Nf3 Qf6 10. Qd3 a6 11. Rxh4 Qxg7 12. O-O-O Nd7 13. g3 Nf6 14. Ne5 Bd7
15. Bg2 O-O-O 16. Kb1 Rh8 17. Rdh1 Rxh4 18. Rxh4 Bd6 19. Qe3 Rg8 20. Bf3 Be8
21. Qh6 Qxh6 22. Rxh6 Bxe5 23. dxe5 Nd7 24. Bg2 Nxe5 25. Bh3 Kd8 26. Ne2 Ng6
27. f4 Bb5 28. Nd4 Nxf4 29. a4 Nxh3 30. axb5 Rxg3 31. bxa6 bxa6 32. Rh7 Ng5 33.
Rh8+ Kd7 34. Ra8 e5 35. Ne2 Rg2 36. Nc3 d4 37. Na4 Ne6 38. Rxa6 e4 39. Kc1 e3
40. Kd1 Nf4 0-1

[Event "1. Wittelsbacher Weihnachts-Schach-Open"]
[Site "Kelheim"]
[Date "2012.12.29"]
[Round "7.11"]
[White "Kues, Manuel"]
[Black "Schmitz, Marc"]
[Result "1-0"]
[WhiteElo "2002"]
[BlackElo "1674"]
[PlyCount "63"]
[EventDate "2012.??.??"]
[WhiteTeam "TSV Kareth-Lappersdorf"]
[BlackTeam "SV Saal/Donau e.V.SAbt"]

1. e4 c5 2. Nf3 Nf6 3. Nc3 d6 4. d4 cxd4 5. Nxd4 g6 6. Be3 Bd7 7. Bc4 Nc6 8.
Qd2 Rc8 9. O-O Nxd4 10. Qxd4 Bg7 11. Bb3 a6 12. Qd2 O-O 13. Bh6 Qb6 14. Bxg7
Kxg7 15. Kh1 Be6 16. f4 Bxb3 17. axb3 Rfd8 18. Qe2 Qc6 19. Rae1 b5 20. e5 Nd5
21. f5 dxe5 22. Qxe5+ f6 23. Qe4 e5 24. Rd1 Ne7 25. Qb4 Nxf5 26. Rxd8 Rxd8 27.
Rxf5 Qxc3 28. Qe7+ Kh6 29. Rh5+ Kxh5 30. Qxh7+ Kg4 31. h3+ Kg3 32. Qxg6+ 1-0

[Event "1. Wittelsbacher Weihnachts-Schach-Open"]
[Site "Kelheim"]
[Date "2012.12.29"]
[Round "7.12"]
[White "Meul, Willi"]
[Black "Kunz, Konstantin"]
[Result "0-1"]
[WhiteElo "1856"]
[BlackElo "2228"]
[PlyCount "98"]
[EventDate "2012.??.??"]
[WhiteTeam "SV 1925 Hürth-Berrenra"]
[BlackTeam "SC Kitzingen von 1905"]

1. d4 Nf6 2. Nf3 e6 3. e3 b6 4. Bd3 Bb7 5. O-O c5 6. Nbd2 cxd4 7. exd4 Be7 8.
Re1 d6 9. c3 O-O 10. Qe2 a6 11. Ne4 Nbd7 12. Bf4 Qc7 13. Nxf6+ Nxf6 14. h3 Qc6
15. Rad1 Rfe8 16. Bg5 h6 17. Bxf6 Bxf6 18. Qe4 Qxe4 19. Bxe4 d5 20. Bd3 Rec8
21. Re2 Rc7 22. Rde1 Rac8 23. Ne5 Rb8 24. f4 Bc8 25. Rf1 b5 26. f5 a5 27. Ng4
Bg5 28. fxe6 Bxe6 29. Bf5 Rb6 30. Bxe6 fxe6 31. Ne5 b4 32. cxb4 Rxb4 33. Nf3
Bf6 34. Rd1 a4 35. Rdd2 Kf7 36. a3 Rb8 37. Rc2 Rbb7 38. Kf1 Ke7 39. Ke1 Kd6 40.
Rxc7 Rxc7 41. Kd2 Rb7 42. Kc2 Rb3 43. Rd2 e5 44. dxe5+ Bxe5 45. Nxe5 Kxe5 46.
Rd3 Rxd3 47. Kxd3 d4 48. g3 g5 49. g4 Kd5 0-1

[Event "1. Wittelsbacher Weihnachts-Schach-Open"]
[Site "Kelheim"]
[Date "2012.12.29"]
[Round "7.13"]
[White "Simon, Günther"]
[Black "Strobel, Christian"]
[Result "1/2-1/2"]
[WhiteElo "1847"]
[BlackElo "2068"]
[PlyCount "113"]
[EventDate "2012.??.??"]
[WhiteTeam "Regensb. Turnerschaft"]
[BlackTeam "TSV Kareth-Lappersdorf"]

1. e4 e6 2. d4 d5 3. exd5 exd5 4. Bd3 Bd6 5. Nf3 Bg4 6. O-O Nc6 7. Re1+ Nge7 8.
c3 Qd7 9. Nbd2 h6 10. b4 O-O 11. Qc2 Bf5 12. Nb3 Rfe8 13. b5 Bxd3 14. Qxd3 Nd8
15. Bd2 Ne6 16. Re2 a6 17. a4 axb5 18. axb5 Rxa1+ 19. Nxa1 Ra8 20. Re1 Ra3 21.
Rb1 Bf4 22. g3 Bxd2 23. Qxd2 Nf5 24. Qb2 Ra5 25. Nc2 Nd6 26. Na3 Qe8 27. b6 Qa8
28. Nc2 Nc4 29. Qb4 Nxb6 30. Ne3 Ra6 31. Ne5 Qe8 32. Qb3 Qa4 33. Qb2 Qa2 34.
Qb5 Qa4 35. Qb2 Ra7 36. Kg2 Nc4 37. N3xc4 dxc4 38. Qe2 Qa2 39. Rb2 Qa6 40. Qxc4
Qxc4 41. Nxc4 b6 42. Rb3 Ra2 43. Ne3 Kf8 44. h4 h5 45. Nd5 Ke8 46. Nb4 Ra4 47.
Nc6 f6 48. Nb4 Kd7 49. Nd3 Kd6 50. Nb4 c5 51. Nc2 Kc6 52. dxc5 Nxc5 53. Rb4
Rxb4 54. Nxb4+ Kb5 55. Nd5 Ne6 56. Kf3 Kc5 57. Ne3 1/2-1/2

[Event "1. Wittelsbacher Weihnachts-Schach-Open"]
[Site "Kelheim"]
[Date "2012.12.29"]
[Round "7.14"]
[White "Häusler, Florian"]
[Black "Seidenschwarz, Holger"]
[Result "0-1"]
[WhiteElo "1514"]
[BlackElo "1989"]
[PlyCount "88"]
[EventDate "2012.??.??"]
[WhiteTeam "TSV Kareth-Lappersdorf"]
[BlackTeam "SC 1947 Beilngries"]

1. e4 e5 2. Nf3 Nc6 3. Bb5 Nf6 4. d3 Bc5 5. Bg5 h6 6. Be3 Bxe3 7. fxe3 d6 8.
Nc3 O-O 9. Qd2 Ne7 10. d4 Ng6 11. O-O-O Qe7 12. h3 a6 13. Bd3 b5 14. d5 Nd7 15.
g4 Nh4 16. Rdf1 Nc5 17. Qf2 Nxf3 18. Qxf3 Qd7 19. Rfg1 b4 20. Ne2 Nxd3+ 21.
cxd3 Qb5 22. Kd2 Qa5 23. g5 hxg5 24. Rxg5 f6 25. Rxg7+ Kxg7 26. Rg1+ Kf7 27.
Qh5+ Ke7 28. Qh7+ Rf7 29. Rg7 Be6 30. dxe6 Rxg7 31. Qxg7+ Kxe6 32. Qg4+ Kf7 33.
Qd7+ Kf8 34. Qh7 Re8 35. Qh8+ Ke7 36. Qg7+ Kd8 37. Qxf6+ Kc8 38. Qf7 Rd8 39.
Qe6+ Kb7 40. Qe7 Rc8 41. Kc2 Qxa2 42. Nc1 Qa4+ 43. Nb3 Rg8 44. h4 Rg2+ 0-1

[Event "1. Wittelsbacher Weihnachts-Schach-Open"]
[Site "Kelheim"]
[Date "2012.12.29"]
[Round "7.15"]
[White "Watzenberger, Stefan"]
[Black "Grasser, Martin"]
[Result "1/2-1/2"]
[WhiteElo "1898"]
[BlackElo "1916"]
[PlyCount "78"]
[EventDate "2012.??.??"]
[WhiteTeam "SC Sendling e.V."]
[BlackTeam "Regensb. Turnerschaft"]

1. e4 d6 2. d4 Nf6 3. Nc3 g6 4. Bg5 Bg7 5. Qd2 c6 6. O-O-O b5 7. Bd3 a5 8. f4
b4 9. Na4 Ba6 10. Nf3 Bxd3 11. Qxd3 Qc7 12. Bxf6 exf6 13. g4 O-O 14. h4 Nd7 15.
h5 Rad8 16. hxg6 fxg6 17. Kb1 Nb6 18. Nxb6 Qxb6 19. f5 g5 20. Qb3+ d5 21. e5 h6
22. e6 Rde8 23. c4 a4 24. Qd3 a3 25. b3 Re7 26. cxd5 cxd5 27. Rc1 Rc7 28. Qe3
Re8 29. Rhe1 Ree7 30. Rc5 Qd6 31. Nd2 Bf8 32. Rec1 Qh2 33. Rxc7 Rxc7 34. Rxc7
Qxc7 35. Nf1 Be7 36. Qc1 Qb7 37. Ne3 Kg7 38. Qh1 Qb5 39. Qf1 Qb6 1/2-1/2

[Event "1. Wittelsbacher Weihnachts-Schach-Open"]
[Site "Kelheim"]
[Date "2012.12.29"]
[Round "7.16"]
[White "Seitner, Ralf"]
[Black "Zwetz, Jasmin"]
[Result "1-0"]
[WhiteElo "1877"]
[BlackElo "1730"]
[PlyCount "73"]
[EventDate "2012.??.??"]
[WhiteTeam "SK Neumarkt e.V."]
[BlackTeam "TSV Kareth-Lappersdorf"]

1. d4 e6 2. c4 Bb4+ 3. Bd2 Bxd2+ 4. Qxd2 Nf6 5. Nc3 d5 6. e3 O-O 7. Nf3 Nbd7 8.
Be2 Ne4 9. Qc2 Ndf6 10. O-O c6 11. Rab1 a5 12. a3 Nxc3 13. bxc3 dxc4 14. Bxc4
b5 15. Bd3 Qd6 16. a4 bxa4 17. Qxa4 Ba6 18. Bxa6 Rxa6 19. Rb7 c5 20. h3 cxd4
21. cxd4 Ne4 22. Rc1 Rb6 23. Ra7 Rb2 24. Rf1 Nc3 25. Qxa5 Ra2 26. Qc7 Qxc7 27.
Rxc7 Ne4 28. Ne5 f6 29. Nc6 Re8 30. Rb1 Nd6 31. Rd7 Nc8 32. Rbb7 Rc2 33. Rxg7+
Kh8 34. Rxh7+ Kg8 35. Rbg7+ Kf8 36. Nb8 Nb6 37. Nd7+ 1-0

[Event "1. Wittelsbacher Weihnachts-Schach-Open"]
[Site "Kelheim"]
[Date "2012.12.29"]
[Round "7.17"]
[White "Swierzy, David"]
[Black "Winterholler, Christina"]
[Result "0-1"]
[WhiteElo "1391"]
[BlackElo "1880"]
[PlyCount "80"]
[EventDate "2012.??.??"]
[WhiteTeam "SC Straubing"]
[BlackTeam "SK Ingolstadt"]

1. e4 e5 2. Nf3 Nc6 3. Bb5 a6 4. Ba4 Nf6 5. O-O Nxe4 6. Re1 Nc5 7. Bxc6 dxc6 8.
Rxe5+ Be7 9. d4 Nd7 10. Re1 h6 11. b3 O-O 12. Bb2 Nf6 13. Nbd2 Re8 14. Nf1 Bf5
15. Ne3 Bh7 16. c4 Ne4 17. Nd2 Bb4 18. Nef1 c5 19. d5 Qd7 20. Re3 c6 21. Nxe4
Bxe4 22. Rg3 Bg6 23. Ne3 Rad8 24. f4 Ba5 25. f5 Bc7 26. Rf3 Bh7 27. g4 Re4 28.
h3 Rde8 29. Qd2 Bf4 30. Re1 Qe7 31. Bc1 Qg5 32. Qf2 Bxf5 33. h4 Bxe3 34. Bxe3
Qxg4+ 35. Rg3 Qxh4 36. Kg2 Bg6 37. Rh1 Qd8 38. Kf1 cxd5 39. Bxh6 gxh6 40. Rxh6
Re1+ 0-1

[Event "1. Wittelsbacher Weihnachts-Schach-Open"]
[Site "Kelheim"]
[Date "2012.12.29"]
[Round "7.19"]
[White "Braun, Thomas"]
[Black "Schmidt, Franz"]
[Result "1-0"]
[WhiteElo "2162"]
[BlackElo "1883"]
[PlyCount "31"]
[EventDate "2012.??.??"]
[WhiteTeam "FC Bayern München e.V."]
[BlackTeam "SK Abensberg"]

1. d4 d5 2. c4 c6 3. Nc3 e5 4. cxd5 cxd5 5. e4 dxe4 6. Bb5+ Bd7 7. dxe5 Nc6 8.
Bf4 Qb6 9. Nge2 Nge7 10. O-O Ng6 11. Nd5 Qd8 12. e6 fxe6 13. Nc7+ Kf7 14. Nxa8
Nxf4 15. Nxf4 Qxa8 16. Qxd7+ 1-0

[Event "1. Wittelsbacher Weihnachts-Schach-Open"]
[Site "Kelheim"]
[Date "2012.12.29"]
[Round "7.20"]
[White "Albrecht, Andreas"]
[Black "Brack, Johannes"]
[Result "1/2-1/2"]
[WhiteElo "1756"]
[BlackElo "1865"]
[PlyCount "53"]
[EventDate "2012.??.??"]
[WhiteTeam "Regensb. Turnerschaft"]
[BlackTeam "Regensb. Turnerschaft"]

1. d4 d5 2. c4 e5 3. dxe5 d4 4. Nf3 Nc6 5. Nbd2 Bf5 6. Nb3 Qe7 7. Nbxd4 O-O-O
8. e3 Nxe5 9. Qa4 Qb4+ 10. Qxb4 Bxb4+ 11. Bd2 Bxd2+ 12. Nxd2 Bd3 13. b3 Nf6 14.
Bxd3 Nxd3+ 15. Ke2 c5 16. Kxd3 Ng4 17. Ne4 cxd4 18. exd4 f5 19. Ng3 Nxf2+ 20.
Kc3 Nxh1 21. Rxh1 g6 22. b4 Rhe8 23. Kd3 h5 24. Ne2 Re4 25. d5 b5 26. Rc1 Kb7
27. a3 1/2-1/2

[Event "1. Wittelsbacher Weihnachts-Schach-Open"]
[Site "Kelheim"]
[Date "2012.12.29"]
[Round "7.21"]
[White "Klarl, Wolfgang"]
[Black "Hessler, Markus"]
[Result "1/2-1/2"]
[WhiteElo "1817"]
[BlackElo "1762"]
[PlyCount "47"]
[EventDate "2012.??.??"]
[WhiteTeam "DJK-Regensburg Nord e.V."]
[BlackTeam "SF Roding"]

1. b3 d6 2. Bb2 Nd7 3. e3 Ngf6 4. c4 g6 5. d4 Bg7 6. Nc3 c6 7. Nf3 O-O 8. Qc2
a6 9. Be2 b5 10. O-O Bb7 11. Rfd1 Qc7 12. h3 Rac8 13. Rac1 Rfd8 14. Qb1 Qb8 15.
Qa1 b4 16. Nb1 a5 17. a4 c5 18. Nbd2 Qc7 19. d5 Ne8 20. Bxg7 Nxg7 21. e4 Re8
22. Bd3 Rcd8 23. Re1 e5 24. Nh2 1/2-1/2

[Event "1. Wittelsbacher Weihnachts-Schach-Open"]
[Site "Kelheim"]
[Date "2012.12.29"]
[Round "7.22"]
[White "Tautz, Helmut"]
[Black "Kaiser, Dominik"]
[Result "0-1"]
[WhiteElo "1499"]
[BlackElo "1801"]
[PlyCount "104"]
[EventDate "2012.??.??"]
[WhiteTeam "SK Kelheim 1920"]
[BlackTeam "TSV Kareth-Lappersdorf"]

1. g3 d5 2. d4 Nf6 3. Nf3 e6 4. Bg2 Bd6 5. Nbd2 O-O 6. O-O c5 7. Re1 Nc6 8. e4
dxe4 9. Nxe4 Nxe4 10. Rxe4 Qb6 11. Ng5 Nxd4 12. Nxh7 Kxh7 13. Qh5+ Kg8 14. Rh4
f6 15. Bh6 Nf5 16. Qg6 Rf7 17. Rh5 Ne7 18. Qg4 e5 19. Qh4 Qb4 20. Bd2 Qxh4 21.
Rxh4 Ng6 22. Ra4 Be6 23. Ra6 Rd8 24. Ra3 b5 25. Be3 Rc7 26. c3 Bc8 27. Ra5 a6
28. a4 Bb7 29. Bf1 bxa4 30. R5xa4 Rcd7 31. Bxa6 Bc6 32. Ra5 Be7 33. Be2 Rb8 34.
b3 Bd5 35. c4 Be4 36. Bd1 Nf8 37. Bxc5 Bxc5 38. Rxc5 Ne6 39. Rca5 Rbd8 40. Bg4
Kh7 41. Re1 Ng5 42. Kf1 Rd4 43. h4 Nf3 44. Bxf3 Bxf3 45. Raa1 Rd2 46. Rab1 g5
47. hxg5 Kg6 48. Re3 e4 49. Rxf3 exf3 50. gxf6 Re2 51. b4 Red2 52. b5 Rd1+ 0-1

[Event "1. Wittelsbacher Weihnachts-Schach-Open"]
[Site "Kelheim"]
[Date "2012.12.29"]
[Round "7.23"]
[White "Strasser, Josef"]
[Black "Schmitz, Björn"]
[Result "1/2-1/2"]
[WhiteElo "1915"]
[BlackElo "1629"]
[PlyCount "81"]
[EventDate "2012.??.??"]
[WhiteTeam "Schach-Union München e.V."]
[BlackTeam "SV Saal/Donau e.V.SAbt"]

1. e4 c5 2. Nf3 Nf6 3. e5 Nd5 4. c4 Nc7 5. b3 g6 6. Bb2 Bg7 7. d4 cxd4 8. Bxd4
O-O 9. Be2 Nc6 10. Bc3 b6 11. O-O Ne6 12. Qd2 Qc7 13. Qe3 Bb7 14. Nbd2 Rad8 15.
Rfd1 Qb8 16. Nf1 h5 17. g3 Kh7 18. Bd3 d6 19. Be4 dxe5 20. Bxc6 Bxc6 21. Bxe5
Bxe5 22. Nxe5 Ba8 23. f3 Qb7 24. Rxd8 Nxd8 25. Kf2 f6 26. Nd3 Nf7 27. Nf4 Rd8
28. Nd5 Rd7 29. Nd2 Kg7 30. Ne4 Qa6 31. Nec3 Ne5 32. h3 e6 33. Nf4 Bxf3 34.
Nxe6+ Kf7 35. Nd4 Bb7 36. Rd1 Qa5 37. a4 Re7 38. Qd2 Qc5 39. Kf1 Rd7 40. Nce2
Nf3 41. Qe3 1/2-1/2

[Event "1. Wittelsbacher Weihnachts-Schach-Open"]
[Site "Kelheim"]
[Date "2012.12.29"]
[Round "7.24"]
[White "Eremenko, Dimitry"]
[Black "Schawacht, Max"]
[Result "0-1"]
[WhiteElo "1382"]
[BlackElo "1816"]
[PlyCount "80"]
[EventDate "2012.??.??"]
[WhiteTeam "MTV Ingolstadt"]
[BlackTeam "SV Erkenschwick 1923 e"]

1. e4 e5 2. Nf3 Nc6 3. Bb5 Nge7 4. d4 exd4 5. Nxd4 g6 6. Bc4 Bg7 7. c3 O-O 8.
O-O Nxd4 9. cxd4 d5 10. exd5 Nxd5 11. Bb3 Be6 12. Nc3 c6 13. Qd3 Nb4 14. Qe4
Bxb3 15. axb3 Re8 16. Qg4 Qxd4 17. Qxd4 Bxd4 18. Rd1 Nd3 19. Kf1 Nxc1 20. Raxc1
Rad8 21. Rc2 Kg7 22. Rcd2 Bf6 23. Rd7 Rxd7 24. Rxd7 Re7 25. Rd2 h5 26. f3 Be5
27. g3 Bxc3 28. bxc3 Re3 29. Rd7 b6 30. Rxa7 Rxf3+ 31. Ke2 Rxc3 32. Ra3 b5 33.
Kd2 b4 34. Ra6 Rxb3 35. Rxc6 Rb2+ 36. Rc2 Rxc2+ 37. Kxc2 Kf6 38. Kb3 Kf5 39. h3
Ke4 40. Kxb4 Kf3 0-1

[Event "1. Wittelsbacher Weihnachts-Schach-Open"]
[Site "Kelheim"]
[Date "2012.12.29"]
[Round "7.25"]
[White "Braun, Kristin"]
[Black "Miethaner, Ulrich"]
[Result "1-0"]
[WhiteElo "1836"]
[BlackElo "1720"]
[PlyCount "121"]
[EventDate "2012.??.??"]
[WhiteTeam "SC Forchheim e.V."]
[BlackTeam "SC Bavaria Regensb.1881"]

1. Nf3 d5 2. g3 Nc6 3. Bg2 e5 4. d3 Be6 5. O-O Qd7 6. Re1 O-O-O 7. Bd2 Be7 8.
e4 f6 9. exd5 Bxd5 10. Nc3 Be6 11. Be3 g5 12. h4 gxh4 13. Nxh4 Kb8 14. Nf3 h5
15. d4 Bg4 16. dxe5 Qf5 17. Qe2 fxe5 18. Rad1 Rf8 19. Rd3 Nb4 20. Rd2 Bxf3 21.
Bxf3 Qxf3 22. Bxa7+ Kc8 23. Qxe5 Rh6 24. Bc5 Nc6 25. Qd5 Qxd5 26. Rxd5 Bxc5 27.
Rxc5 Nd4 28. Kg2 Rhf6 29. Ne4 Re6 30. Re3 Rfe8 31. Nd6+ Kd7 32. Nxe8 Rxe3 33.
fxe3 Ne6 34. Rxh5 Kxe8 35. Kf3 Nf6 36. Rb5 b6 37. Re5 Kd7 38. g4 Kd6 39. Rf5
Nd5 40. a3 Ne7 41. Rh5 Nd5 42. g5 Ke7 43. e4 Ndf4 44. Rh7+ Kf8 45. Rxc7 Nxc7
46. Kxf4 Ne6+ 47. Ke5 Nxg5 48. Kd5 Ke7 49. Kc6 Nxe4 50. Kxb6 Kd7 51. a4 Kc8 52.
a5 Nd6 53. b3 Ne4 54. a6 Kb8 55. b4 Nc3 56. b5 Na4+ 57. Kc6 Nc3 58. b6 Na4 59.
a7+ Ka8 60. b7+ Kxa7 61. Kc7 1-0

[Event "1. Wittelsbacher Weihnachts-Schach-Open"]
[Site "Kelheim"]
[Date "2012.12.29"]
[Round "7.26"]
[White "Beilschmidt, Eva"]
[Black "Schindler, Tobias"]
[Result "1-0"]
[WhiteElo "1716"]
[BlackElo "1465"]
[PlyCount "33"]
[EventDate "2012.??.??"]
[WhiteTeam "SK Kelheim 1920"]
[BlackTeam "SK Kelheim 1920"]

1. e4 c6 2. d4 d5 3. e5 Bf5 4. Nf3 e6 5. Bd3 Bxd3 6. Qxd3 c5 7. O-O Nc6 8. c3
Nge7 9. Bg5 cxd4 10. cxd4 Qb6 11. Nc3 Nf5 12. Nxd5 exd5 13. Qxf5 Nxd4 14. Nxd4
Qxd4 15. Rac1 Bc5 16. Be3 Qxb2 17. Bxc5 1-0

[Event "1. Wittelsbacher Weihnachts-Schach-Open"]
[Site "Kelheim"]
[Date "2012.12.29"]
[Round "7.27"]
[White "Gebhardt, Lukas"]
[Black "Klemp, Sören"]
[Result "0-1"]
[WhiteElo "1443"]
[BlackElo "1822"]
[PlyCount "46"]
[EventDate "2012.??.??"]
[WhiteTeam "SK Kelheim 1920"]
[BlackTeam "Regensb. Turnerschaft"]

1. d4 f5 2. c4 Nf6 3. Nc3 g6 4. Nf3 Bg7 5. e3 O-O 6. Bd3 d6 7. O-O Qe8 8. Bd2
Nc6 9. d5 Ne5 10. Nxe5 dxe5 11. e4 f4 12. f3 g5 13. Be2 h5 14. h3 Qg6 15. Kf2
g4 16. hxg4 hxg4 17. g3 fxg3+ 18. Kg2 Bd7 19. Qe1 Nh5 20. Rh1 Nf4+ 21. Bxf4
exf4 22. b3 gxf3+ 23. Bxf3 Bg4 0-1

[Event "1. Wittelsbacher Weihnachts-Schach-Open"]
[Site "Kelheim"]
[Date "2012.12.29"]
[Round "7.28"]
[White "Gleis, Wolfgang"]
[Black "Fischer, Agnes"]
[Result "1-0"]
[WhiteElo "1663"]
[BlackElo "1369"]
[PlyCount "101"]
[EventDate "2012.??.??"]
[WhiteTeam "SF Tegernheim"]
[BlackTeam "SF Tegernheim"]

1. d4 d5 2. Nf3 Nc6 3. Bf4 Nf6 4. e3 a6 5. c4 e6 6. Nbd2 Bd6 7. Bg5 h6 8. Bh4
Be7 9. a3 Nh7 10. Bg3 Bd6 11. Bxd6 Qxd6 12. Bd3 Nf6 13. Rc1 O-O 14. c5 Qe7 15.
O-O e5 16. dxe5 Nxe5 17. Qc2 Nxd3 18. Qxd3 c6 19. Nd4 Ne4 20. b4 Nxd2 21. Qxd2
Bg4 22. f3 Be6 23. Rce1 f5 24. f4 Rf6 25. Nf3 Raf8 26. Ne5 h5 27. Rf3 Rh6 28.
Rg3 Rff6 29. Rg5 Bf7 30. h4 Bg6 31. Rf1 Re6 32. Rf3 Rxe5 33. fxe5 Qxe5 34. Qd4
Qxd4 35. exd4 Kf7 36. Kf2 Kf6 37. Re3 Rh8 38. Re5 Rb8 39. Rg3 Bf7 40. Rc3 g6
41. a4 Re8 42. Rce3 Rxe5 43. Rxe5 Be6 44. Ke3 Bd7 45. Kf4 Be6 46. g3 Bd7 47. b5
cxb5 48. Rxd5 Be6 49. Rd6 Ke7 50. a5 Kf7 51. d5 1-0

[Event "1. Wittelsbacher Weihnachts-Schach-Open"]
[Site "Kelheim"]
[Date "2012.12.29"]
[Round "7.29"]
[White "Reinfelder, Fabian"]
[Black "Kellner, Christian"]
[Result "1-0"]
[WhiteElo "1433"]
[BlackElo "1642"]
[PlyCount "91"]
[EventDate "2012.??.??"]
[WhiteTeam "SG Siemens Amberg"]
[BlackTeam "SK Kelheim 1920"]

1. d4 d6 2. Bf4 Nf6 3. Nf3 g6 4. e3 Bg7 5. Be2 O-O 6. Nbd2 Bf5 7. h3 c5 8. c3
Nc6 9. g4 Bd7 10. dxc5 dxc5 11. Qc2 a6 12. Ne5 Nd5 13. Nxd7 Qxd7 14. Bg3 Rfc8
15. Rd1 e5 16. Nb3 Nd4 17. exd4 cxd4 18. Qd3 e4 19. Qxe4 Re8 20. Qd3 Qc6 21.
O-O Ne3 22. fxe3 Rxe3 23. Bf3 Qf6 24. Qxd4 Qxf3 25. Rxf3 Bxd4 26. Nxd4 Rae8 27.
Rxe3 Rxe3 28. Kf2 Re7 29. Re1 Rd7 30. Re8+ Kg7 31. g5 h5 32. Be5+ f6 33. gxf6+
Kf7 34. Re7+ Rxe7 35. fxe7 Kxe7 36. h4 Kd7 37. Kf3 Ke7 38. Kf4 b5 39. b3 b4 40.
cxb4 a5 41. b5 a4 42. b6 axb3 43. axb3 g5+ 44. Kxg5 Kf7 45. b7 Ke7 46. b8=Q 1-0

[Event "1. Wittelsbacher Weihnachts-Schach-Open"]
[Site "Kelheim"]
[Date "2012.12.29"]
[Round "7.30"]
[White "Brack, André"]
[Black "Karl, Thomas"]
[Result "1/2-1/2"]
[WhiteElo "1818"]
[BlackElo "1424"]
[PlyCount "93"]
[EventDate "2012.??.??"]
[WhiteTeam "Regensb. Turnerschaft"]
[BlackTeam "SK Kelheim 1920"]

1. d4 d5 2. c4 c6 3. Nc3 Nf6 4. Bf4 Nbd7 5. Nf3 e6 6. e3 Be7 7. Bd3 dxc4 8.
Bxc4 b5 9. Bd3 a6 10. O-O O-O 11. Bg5 h6 12. Bh4 c5 13. Rc1 Bb7 14. Qe2 cxd4
15. Nxd4 Nc5 16. Bb1 Rc8 17. Rfd1 Qb6 18. a3 Rfe8 19. b4 Nce4 20. Nxe4 Nxe4 21.
Bxe4 Bxh4 22. Bxb7 Qxb7 23. Nb3 Rxc1 24. Rxc1 Be7 25. Qc2 Rd8 26. f3 Rd6 27.
Kf2 g6 28. Ke2 Kg7 29. Qc7 Rd7 30. Qc3+ Bf6 31. Qc2 Be7 32. e4 Bg5 33. Rd1 Rxd1
34. Qxd1 Qc6 35. Nc5 Bf6 36. Qd2 g5 37. g3 Be5 38. Ke3 Bd6 39. Qc3+ Kg8 40. e5
Be7 41. Qd4 Kg7 42. g4 Kg8 43. Ke2 a5 44. Ke3 axb4 45. axb4 Kg7 46. Qe4 Qc7 47.
Qd4 1/2-1/2

[Event "1. Wittelsbacher Weihnachts-Schach-Open"]
[Site "Kelheim"]
[Date "2012.12.29"]
[Round "7.31"]
[White "Müller, Johannes"]
[Black "Barani, Christian"]
[Result "1-0"]
[WhiteElo "1534"]
[BlackElo "1150"]
[PlyCount "21"]
[EventDate "2012.??.??"]
[WhiteTeam "SK Kelheim 1920"]
[BlackTeam "SC Bechhofen 1923 e.V."]

1. d4 d5 2. c4 Nf6 3. Nc3 e6 4. cxd5 exd5 5. Bg5 Bb4 6. Qc2 Qe7 7. e3 c6 8. a3
Ba5 9. b4 Bb6 10. Nxd5 Qe4 11. Nxf6+ 1-0